Системи баз даних та знань (Запис № 389429)

МАРК-запис
000 -Лідер
fixed length control field 00971nam a22002897a 4500
001 - Контрольний номер
control field 103592
003 - Ідентифікатор контрольного номера
control field UA-OsUOA
005 - Дата та час останнього входження (трансакції)
control field 20230504161332.0
007 - Фіксоване поле фізичного опису
fixed length control field ta
008 - Елементи даних фіксованої довжини – загальна інформація
fixed length control field 20131107b un ||||| |||| 00| 0 ukr d
020 ## - Міжнародний стандартний книжковий номер (ISBN)
Міжнародний стандартний книжковий номер (ISBN) (НП) 9789662025569
040 ## - Джерело каталогізації
Агенція оригінальної каталогізації UA-OsUOA
Мова каталогізації ukr
Агенція, яка здійснювала перезапис UA-OsUOA
Агенція, яка здійснювала модифікацію UA-OsUOA
041 ## - Код мови
Код мови тексту/ звукової доріжки чи окремого заголовка (П) ukr
080 ## - Індекс Універсальної десяткової класифікації
Індекс Універсальної десяткової класифікації (УДК) (НП) 004.652.4(075.8)
090 ## - Локальний шифр розміщення
Класифікаційний індекс УДК 004.652.4(075.8)
Авторський знак (НП) Б48
100 ## - Основне введення – ім’я особи
Ім’я особи (НП) Берко А. Ю.
245 ## - Відомості про назву
Назва (НП) Системи баз даних та знань
Решта назви (НП) навчальний посібник
246 31 - Інша форма назви
Назва (НП) кн. 2
Номер частини/ розділ роботи (П) Системи управління базами даних та знань
260 ## - Публікація, розповсюдження і т.п. (Вихідні дані)
Місце публікації, розповсюдження і т.п. (П) Львів
Ім’я/ наймення видавництва, розповсюджувача і т.п. (П) Магнолія-2006
Дата публікації, розповсюдження і т.п. (П) 2012
300 ## - Фізичний опис
Обсяг 584 с.
650 #7 - Додаткове предметне введення – тематичний термін
Тематичний термін чи географічна назва, як елемент введення (НП) 00 Загальні питання науки і культури
Джерело заголовка чи терміна UDC
700 ## - Додаткове введення – ім'я особи
Ім’я особи (НП) Верес О. М.
700 ## - Додаткове введення – ім'я особи
Ім’я особи (НП) Пасічник В. В.
942 ## - Додаткові елементи входу (Коха)
Тип елемента Koha Книги
Source of classification or shelving scheme Universal Decimal Classification
955 ## - Код типу видання за змістом
Код типу видання за змістом (НП) Навчальні видання
Фонди
Стан вилучень Стан втрат Джерело класифікації або схеми стелажів Стан уражень Не для кредиту Код колекції Постійне місце розташування Поточне розміщення Дата придбання Джерело придбання Вартість, звичайна ціна покупки Інвентарний номер Усього замовленно Повний номер виклику Штрих-код Дата останнього перегляду Ціна ефективна від Тип елемента Koha
    Universal Decimal Classification     Колекція Пасічника Володимира ЧЗ - Читальна зала ЧЗ - Читальна зала 07/11/2013 59/2013 50.00 144078   004.652.4(075.8) Б48 144078 07/02/2022 07/11/2013 Книги
    Universal Decimal Classification     Колекція Пасічника Володимира ЧЗ - Читальна зала ЧЗ - Читальна зала 07/11/2013 59/2013 50.00 144079   004.652.4(075.8) Б48 144079 07/02/2022 07/11/2013 Книги